Normal view
MARC view
- السباحة - تعليم
Entry Topical Term
001 - CONTROL NUMBER
- control field: 21037
003 - CONTROL NUMBER IDENTIFIER
- control field: JO-AjAnu
005 - DATE AND TIME OF LATEST TRANSACTION
- control field: 20230606073642.0
008 - FIXED-LENGTH DATA ELEMENTS
- fixed length control field: 230606|| aca||aabn | a|a d
040 ## - CATALOGING SOURCE
- Original cataloging agency: JO-AjAnu
- Transcribing agency: JO-AjAnu
150 ## - HEADING--TOPICAL TERM
- Topical term or geographic name entry element: السباحة - تعليم
670 ## - SOURCE DATA FOUND
- Source citation: Work cat.: (JO-AjAnu)10809: البيك، علي ، م.مشارك عصام حلمي، عادل النموري, author 21036, اتجاهات حديثة في تعليم السباحة: الزحف - الظهر